[Event "2018 Spring Chess Classic B"]
[Site "Saint Louis"]
[Date "2018.03.10"]
[Round "5"]
[White "Mikhalevski, Victor"]
[Black "Ali Marandi, Cemil Can"]
[Result "1-0"]
[WhiteElo "2557"]
[BlackElo "2538"]
[Annotator "TA"]
[PlyCount "95"]
[EventDate "2018.??.??"]
[EventType "tourn"]
[EventCountry "USA"]
[SourceTitle "playchess.com"]
[Source "ChessBase"]
[SourceQuality "1"]

{[%evp 18,95,17,0,48,64,50,-17,3,0,0,0,27,27,70,29,31,34,41,33,121,123,170,163,147,166,165,165,211,216,188,216,213,202,268,274,273,272,399,276,285,283,273,272,856,841,978,979,956,874,1231,1073,920,395,419,402,395,387,574,558,572,596,593,605,605,593,588,582,589,589,610,613,585,579,581,581,572,561,969,958]} 1. c4 f5 2. g3 Nf6 3. Bg2 g6 4. Nc3 Bg7 5. d3 O-O 6. e4 d6 7. Nge2 fxe4 8. dxe4 c5 {A10: English Opening: Unusual Replies for Black} 9. O-O Nc6 10. h3 {LiveBook: 44 Games} Be6 {The position is equal.} 11. b3 Qd7 12. Nf4 $146 ({White should try} 12. Kh2 $14) ({Predecessor:} 12. Kh2 a6 13. Be3 Ne8 14. Rc1 Nc7 15. Nd5 Rad8 16. f4 {½-½ (44) Howell,D (2693)-L'Ami,E (2623) Reykjavik 2015}) 12... Bf7 13. h4 Nh5 14. Bh3 e6 15. Nfe2 Nd4 16. Be3 {[%cal Re2d4]} Nxe2+ 17. Nxe2 Bxa1 18. Qxa1 Rfe8 (18... Qc6 $14) 19. e5 $16 {And now Rd1 would win.} d5 20. cxd5 $1 Qxd5 21. Bg2 Qd3 22. Re1 $1 Red8 23. Nc3 {[%cal Be2c3,Bc3e4,Be4d6][%mdl 32]} (23. Bxc5 $6 Qa6 $16) (23. Bxb7 $6 Rab8 $16) 23... Be8 24. Bxb7 Rab8 25. Bg2 {[%mdl 1024] White has strong compensation.} ({Don't take} 25. Be4 $6 Qa6 $16) 25... Rbc8 26. Bg5 Rd4 27. Ne4 $1 Rc7 (27... Rxe4 {keeps fighting.} 28. Bxe4 Qb5) 28. Qc1 c4 29. Nd6 Bc6 {aiming for ...Nxg3!} 30. bxc4 Nxg3 $2 (30... Bxg2 31. Kxg2 Rcxc4 32. Nxc4 Rxc4) 31. Qb2 $1 $18 {[%cal Rb2b8] Threatens to win with Qb8+.} Rb7 32. Nxb7 Rg4 {[#]} 33. f3 $1 {[%cal Rf3g4]} Bxf3 34. Nd6 {Threatening mate with Qb8+.} Kg7 35. Bxf3 (35. Bh3 $142 Ne2+ 36. Kf2 Rxg5 37. hxg5) 35... Qxf3 {[#]} 36. Qb7+ $1 ({Avoid the trap} 36. Bf6+ $2 Kh6 $19) 36... Qxb7 37. Nxb7 Ne4+ (37... Nh5+ {was called for.} 38. Kf2 h6) 38. Kh2 {White is clearly winning.} Nxg5 39. hxg5 Rxc4 {[%mdl 4096] Endgame KRN-KR} 40. Nd8 Kf8 41. Kg3 Ke7 42. Nb7 Rc3+ 43. Kf4 Rc4+ 44. Re4 Rc1 45. Nd6 Rf1+ 46. Ke3 Re1+ 47. Kf2 Rc1 48. Rc4 {Precision: White = 77%, Black = 32%.} 1-0

[Event "2018 Spring Chess Classic B"]
[Site "Saint Louis"]
[Date "2018.03.10"]
[Round "5"]
[White "Khachiyan, Melikset"]
[Black "Chandra, Akshat"]
[Result "1/2-1/2"]
[WhiteElo "2525"]
[BlackElo "2490"]
[Annotator "TA"]
[PlyCount "64"]
[EventDate "2018.??.??"]
[EventType "tourn"]
[EventCountry "USA"]
[SourceTitle "playchess.com"]
[Source "ChessBase"]
[SourceQuality "1"]

{[%evp 18,64,16,12,18,30,28,29,25,24,23,0,0,-14,0,-131,-40,-44,-39,-39,-28,-46,-40,-59,-19,-16,-23,-14,-19,-15,-24,-16,-23,-23,-23,-25,0,0,0,0,0,0,0,0,0,0,0,0,0]} 1. e4 e5 2. Nf3 Nc6 3. Bc4 Bc5 4. d3 Nf6 5. O-O d6 6. c3 O-O 7. h3 h6 8. Nbd2 a5 {C54: Giuoco Piano: 4 c3 Nf6, main lines with 5 d4 and 5 d3} 9. Re1 Be6 (9... a4 10. Nf1 Bd7 11. a3 Bb6 12. Ng3 Re8 13. Nh4 Ng4 14. hxg4 Qxh4 15. Qf3 Bxg4 16. Qxf7+ {0-1 (31) Dominguez Perez,L (2739)-Caruana,F (2811) chess.com INT 2018}) 10. Bb5 {LiveBook: 21 Games} Ne7 11. d4 exd4 12. cxd4 Ba7 13. Bd3 $146 ({Predecessor:} 13. b3 Ng6 14. Ba3 {0-1 (45) Asgarizadeh,A (2410)-Fressinet,L (2662) Sharjah 2017}) 13... Ng6 14. d5 Bd7 15. Nc4 Re8 16. Nxa5 {[#]} (16. Be3 $11) 16... Bxf2+ (16... Qc8 $1 $17 17. Nb3 Bxh3) 17. Kxf2 $15 {aiming for Nc4.} Rxa5 18. Bd2 Ra8 19. Bc3 c6 20. Qd2 cxd5 (20... Ra4 {seems wilder.} 21. b4 Nh5 22. dxc6 Bxc6 23. Kg1 Ngf4) 21. exd5 Rxe1 22. Rxe1 Rxa2 23. Bxg6 fxg6 24. Qf4 Qf8 {Hoping for ...Ra4.} ({Of course not} 24... Nxd5 $6 25. Qc4 $16) 25. Qc4 Ra8 26. Qc7 {[#] Strongly threatening Bxf6.} Qb8 27. Qxb8+ {The position is equal.} Rxb8 28. Re7 Rd8 29. Bxf6 gxf6 30. Nd4 Kf8 31. Rh7 Kg8 32. Re7 Kf8 {Precision: White = 83%, Black = 59%.} 1/2-1/2

[Event "2018 Spring Chess Classic B"]
[Site "Saint Louis"]
[Date "2018.03.09"]
[Round "5"]
[White "Kannappan Priyadharshan"]
[Black "Grabinsky, Aaron"]
[Result "1-0"]
[WhiteElo "2513"]
[BlackElo "2375"]
[Annotator "TA"]
[PlyCount "81"]
[EventDate "2018.??.??"]
[EventType "tourn"]
[EventCountry "USA"]
[SourceTitle "playchess.com"]
[Source "ChessBase"]
[SourceQuality "1"]

{[%evp 10,81,48,38,39,42,45,37,51,27,47,27,28,27,31,-22,-7,-15,0,0,0,-1,0,0,32,-14,50,50,55,55,71,60,91,95,98,106,172,138,153,147,162,151,280,282,266,251,358,369,353,350,370,370,410,403,385,400,382,249,518,518,508,549,531,528,895,869,1562,1562,29984,29985,29987,29988,29988,2581]} 1. d4 e6 2. c4 Bb4+ 3. Nd2 Nf6 4. a3 Be7 5. e4 d6 6. Bd3 {LiveBook: 5 Games. A40: Unusual replies to 1 d4} O-O 7. Ne2 e5 8. d5 {White is slightly better.} a5 9. b3 $146 ({Find the theoretical novelty and annotate with similar games:} 9. O-O c6 10. Nc3 Na6 11. Rb1 Bd7 {½-½ (31) Martinovic,S (2517)-Predojevic,B (2639) Austria 2016}) 9... Nh5 10. Nf1 Bg5 11. Ne3 g6 12. g3 (12. Bc2 $14) 12... Bh3 13. Nc3 Na6 14. Bf1 Bxf1 15. Kxf1 Qe8 16. h4 Bh6 (16... Bxe3 $5 17. Bxe3 Qd7 $14) 17. Qc2 Kh8 (17... Nc5 $11) 18. g4 $1 $36 {[%cal Rg4h5][%mdl 2048] White fights for an advantage.} Nf4 19. Ng2 Qd7 20. f3 Rae8 21. h5 {Black must now prevent hxg6.} Bg5 22. Nxf4 exf4 (22... Bxf4 $16 {was necessary.} 23. Bxf4 exf4) 23. Ne2 Qe7 24. Bb2+ (24. Nxf4 $2 Bxf4 25. Bxf4 Qf6 $19) 24... Kg8 25. Qc3 {[%csl Gb2][%cal Rc3h8]} (25. hxg6 $6 fxg6 26. Nd4 Bf6 $16) 25... f6 (25... Qe5 $16 26. Qd2 Qe7) 26. Nd4 $18 (26. Qxa5 $6 Nc5 $18) 26... Nc5 27. Qc2 (27. Qxa5 Nxe4 28. Kg2 (28. fxe4 Qxe4 29. Rh3 f3 $16) 28... Nc5 $16) 27... Qf7 (27... Rf7 {might work better.} 28. b4 (28. hxg6 hxg6 29. b4 Rh7 $18) 28... Nd7) 28. b4 Nd7 29. hxg6 (29. bxa5 Nc5 $18) 29... Qxg6 30. Ne6 Rxe6 31. dxe6 Ne5 32. Bxe5 fxe5 33. Qd3 Be7 $2 (33... Qxe6 {is a better defense.} 34. Qd5 (34. bxa5 Ra8 $18) 34... Qxd5 35. cxd5 (35. exd5 Ra8 $16) 35... Ra8) 34. bxa5 {[%cal Bb4a5,Ba5a6][%mdl 32]} Ra8 35. Rb1 Ra7 {[#]} 36. a6 $1 b6 {[#]} (36... Rxa6 37. Rxb7) 37. c5 $1 dxc5 (37... bxc5 38. Rb7) 38. Qd7 c6 39. Qc8+ {White mates.} Kg7 40. Rxb6 Ra8 41. Qd7 {Precision: White = 75%, Black = 31%.} (41. Qxa8 $142 Qxe6 42. Qxc6 Qxc6 43. Rxc6 c4 44. a7 c3 45. a8=Q c2 46. Rxc2) 1-0

[Event "2018 Spring Chess Classic B"]
[Site "Saint Louis"]
[Date "2018.03.10"]
[Round "5"]
[White "Shtembuliak, Evgeny"]
[Black "Liang, Awonder"]
[Result "1/2-1/2"]
[WhiteElo "2507"]
[BlackElo "2570"]
[Annotator "TA"]
[PlyCount "63"]
[EventDate "2018.??.??"]
[EventType "tourn"]
[EventCountry "USA"]
[SourceTitle "playchess.com"]
[Source "ChessBase"]
[SourceQuality "1"]

{[%evp 9,63,30,36,35,40,39,39,38,44,52,61,52,105,79,81,81,100,88,154,70,74,87,118,119,117,137,82,53,117,114,116,8,7,10,112,104,104,103,140,105,120,57,52,46,52,15,24,23,15,0,0,0,6,0,0,0]} 1. d4 Nf6 2. Nf3 b6 3. Bg5 Bb7 4. Bxf6 gxf6 5. c4 (5. g3 c5 6. c3 e6 7. Bg2 Bg7 8. Nh4 d5 9. dxc5 Nc6 10. c4 dxc4 11. Qa4 Rc8 12. Na3 O-O {½-½ (59) Oblitas Guerrero,C (2397)-Oparin,G (2609) Barcelona 2017}) 5... e6 6. Nc3 {A47: 1 d4 Nf6 2 Nf3 b6: Torre, London and Colle Systems} f5 7. e3 Bg7 8. g3 $146 {White is slightly better.} ({Predecessor:} 8. Be2 d6 9. Qc2 Nd7 10. a4 a5 11. Rd1 Qe7 12. d5 Nc5 {0-1 (31) Illi,H (2109)-Morant,P (2167) Rogaska Slatina 2012}) 8... c5 9. d5 O-O 10. Bg2 a6 ({Better is} 10... Na6 $14) 11. a4 b5 12. axb5 axb5 13. Nxb5 exd5 (13... Rxa1 $142 14. Qxa1 Qb6) 14. Nd6 (14. Rxa8 $16 Bxa8 15. Nh4) 14... Rxa1 15. Qxa1 Ba6 16. Nxf5 Bf6 17. Nd2 dxc4 18. O-O {Black must now prevent Rd1.} d5 {[#]} (18... c3 $1 $14 19. bxc3 Bxf1 20. Qxf1 Nc6) 19. Rd1 $1 $16 Bc8 {[#]} 20. g4 ({White must play} 20. Qb1 $1 $16) 20... Bxf5 $11 21. gxf5 {Hoping for Ne4!} Qc8 (21... Nc6 $11) 22. Bxd5 $16 Qxf5 23. Nxc4 Kh8 24. Rd2 Nd7 25. Qd1 ({White should try} 25. Nd6 $16 Qh5 26. Qd1 Qxd1+ 27. Rxd1) 25... Ne5 $14 26. Nxe5 Bxe5 27. Kh1 Rd8 28. f4 Bxb2 29. Bf3 {The position is equal.} Rxd2 30. Qxd2 Bf6 31. Qd6 {[%cal Rd6f8]} Kg7 32. Qd5 {Precision: White = 41%, Black = 41%.} 1/2-1/2

[Event "2018 Spring Chess Classic B"]
[Site "Saint Louis"]
[Date "2018.03.11"]
[Round "6"]
[White "Fier, Alexandr"]
[Black "Kannappan, Priyadharshan"]
[Result "0-1"]
[WhiteElo "2582"]
[BlackElo "2513"]
[Annotator "TA"]
[PlyCount "100"]
[EventDate "2018.??.??"]
[EventType "tourn"]
[EventCountry "USA"]
[SourceTitle "playchess.com"]
[Source "ChessBase"]
[SourceQuality "1"]

{[%evp 15,100,-16,-3,-5,-5,-11,-18,-37,-24,-54,-60,-95,-98,-109,-63,-59,-56,-44,-19,-72,-45,-114,-57,-66,-65,-65,-56,-51,-51,-55,-48,-59,-55,-108,-100,-119,-108,-316,-333,-326,-308,-318,-332,-305,-304,-288,-175,-167,-167,-167,-167,-254,-160,-153,-121,-221,-105,-390,-380,-406,-413,-537,0,-305,0,-516,-537,-529,-524,-535,-520,-664,-661,-654,-666,-798,-793,-729,-638,-625,-610,-1263,-1263,-1290,-1288,-1276,-1257]} 1. c4 c5 2. Nf3 Nc6 3. Nc3 e5 4. e3 f5 5. d4 e4 6. d5 {A35: Symmetrical English: 2 Nc3 Nc6 3 Nf3} exf3 7. dxc6 dxc6 8. Qxf3 (8. Qxd8+ Kxd8 9. gxf3 Nf6 10. b3 g6 11. Bb2 Bg7 12. Ne2 Ke7 13. Nf4 {½-½ (48) Short,N (2670)-Hou,Y (2649) Hoogeveen 2016}) 8... Nf6 {LiveBook: 3 Games} 9. Bd2 Be7 10. O-O-O O-O 11. h3 $146 ({Predecessor:} 11. h4 Be6 12. h5 Qc7 13. h6 {0-1 (28) Cabrera Trujillo,C (1806)-Pirs,M (2506) Remote email 2013}) 11... Be6 12. Qe2 a6 13. g4 b5 {[%cal Bb7b5,Bb5b4][%mdl 32]} (13... fxg4 14. hxg4 Nxg4 15. f3 $11) 14. gxf5 Bxc4 15. Qf3 Bf7 16. Rg1 b4 (16... Bh5 $5 {[%cal Rh5f3]} 17. Qg3 Rf7 $11) 17. Qg2 (17. Ne4 $11 {remains equal.} Nxe4 18. Qxe4) 17... Ne8 $1 $17 18. Qxc6 ({White should try} 18. e4 $15 Qa5 19. e5) 18... Ra7 (18... Rc8 $1 $17 {[%cal Rc8c6]} 19. Qg2 Bf6 20. Bxa6 Qa5 21. Bxc8 bxc3 22. Bxc3 Bxc3) 19. Be1 $15 Qa5 $1 20. Nd5 {Threatens to win with f6.} Qxa2 21. Nxe7+ Rxe7 22. Qxa6 Qxa6 23. Bxa6 Ra7 24. Bd3 (24. Be2 $1 $15) 24... Nf6 $1 $17 {[%mdl 1024] Black has strong compensation.} ({Don't play} 24... Bb3 $6 25. Bc2 $11) 25. f3 Bb3 $36 {[%mdl 2048] Strongly threatening ...Ra1+. Black is really pushing.} 26. Bc2 $2 (26. Bh4 $17 {might work better.} c4 27. Bb1 (27. Bc2 Ra1+ 28. Kd2 c3+ 29. Ke2 Bc4+ 30. Kf2 Rxd1 $17)) 26... Ra1+ $19 27. Kd2 Rd8+ 28. Ke2 Bc4+ 29. Bd3 Rxd1 30. Bxc4+ Kh8 {aiming for ...Rc1.} 31. e4 Rc1 32. b3 {[#]} Rdd1 $1 33. e5 (33. Bf7 $142) 33... Nh5 {White must now prevent ...Nf4+.} 34. e6 Nf6 ({Not} 34... Nf4+ 35. Ke3 $15) 35. Kf2 {[#]} (35. Rf1 $17 {keeps fighting.}) 35... Ra1 (35... Rc2+ $1 $19 {and Black stays clearly on top.} 36. Kf1 Rcd2) 36. Bb5 $2 {[%mdl 8192]} (36. e7 $17 {was worth a try.}) 36... Kg8 37. Ke2 Rdc1 38. Kd2 Rd1+ 39. Ke2 Rdc1 $2 (39... Kf8 40. Bc4 Rdc1) 40. Kd2 $1 Kf8 {Black is clearly winning.} 41. Bc4 Ng8 42. f6 Nxf6 43. e7+ Ke8 44. Bb5+ Kxe7 45. Rxg7+ Kf8 46. Rg1 Rd1+ 47. Ke2 Nd5 48. Bc4 Nf4+ 49. Ke3 Rxe1+ 50. Rxe1 Ng2+ {Precision: White = 30%, Black = 71%.} 0-1

[Event "2018 Spring Chess Classic B"]
[Site "Saint Louis"]
[Date "2018.03.11"]
[Round "6"]
[White "Liang, Awonder"]
[Black "Mikhalevski, Victor"]
[Result "0-1"]
[WhiteElo "2570"]
[BlackElo "2557"]
[Annotator "TA"]
[PlyCount "74"]
[EventDate "2018.??.??"]
[EventType "tourn"]
[EventCountry "USA"]
[SourceTitle "playchess.com"]
[Source "ChessBase"]
[SourceQuality "1"]

{[%evp 21,74,33,39,46,39,37,54,63,64,31,39,29,47,-16,-24,-16,-16,-24,-25,-25,-19,-32,7,-57,-37,-211,-211,-250,-219,-226,-223,-231,-228,-214,-218,-238,-235,-239,-239,-229,-220,-258,-249,-314,-313,-1119,-732,-1688,-1531,-1533,-1110,-1388,-1095,-1759,-1711]} 1. e4 e5 2. Nf3 Nc6 3. Bb5 a6 4. Ba4 g6 5. c3 Bg7 6. O-O Nge7 7. d4 exd4 8. cxd4 b5 {C60: Ruy Lopez: Unusual Black 3rd moves and 3...g6} 9. Bc2 d6 10. h3 (10. Nc3 Bg4 11. Be3 O-O 12. Qd2 Bxf3 13. gxf3 f5 14. Ne2 Qd7 15. Kh1 Kh8 16. a4 {1-0 (47) Saric,I (2669)-Movsesian,S (2647) Riadh 2017}) 10... O-O 11. Nc3 Na5 {LiveBook: 17 Games} 12. b3 c5 13. Bg5 $146 ({Predecessor:} 13. Bb2 c4 14. b4 Nac6 15. a3 Bd7 16. d5 {½-½ (42) Yazici,U (1696)-Buzas,B (1931) Budva 2013}) 13... h6 14. Be3 f5 15. Rc1 f4 16. Bd2 Nac6 17. Nd5 ({Better is} 17. Ne2 $14) 17... Nxd5 $1 $11 18. exd5 Nxd4 19. Bxg6 Nxf3+ 20. Qxf3 Qg5 21. Bb1 Bb7 22. Qd3 (22. Rfe1 $11) 22... Rf7 $1 $15 23. g3 $2 (23. Qg6 $15) 23... Bd4 $1 $19 (23... Qxd5 24. Qxd5 Bxd5 25. Bxf4 $14) 24. Kh2 fxg3+ (24... Bxd5 25. g4 $17) 25. Qxg3 Qxg3+ $40 {[%mdl 128] Black wants a kill.} 26. fxg3 {[#]} Re8 $1 {[%cal Re8e2] ( -> ...Re2+)} ({Don't do} 26... Bxd5 27. Bxh6 Re8 28. Bd3 $17) 27. Bd3 {[#]} Rfe7 $1 {[%cal Re7e2] And now ...Re2+ would win.} ({Resist} 27... Bxd5 28. Rxf7 Bxf7 29. Bxh6 $17) 28. Rce1 Rxe1 ({Weaker is} 28... Bxd5 29. Rxe7 Rxe7 30. Bxh6 $17) 29. Rxe1 Rxe1 30. Bxe1 Bxd5 {[%mdl 4096] Endgame KBB-KBB} 31. Bd2 Kg7 32. Bf4 Be5 33. Bxe5+ $2 (33. Be3) 33... dxe5 {[%cal Bd6e5,Be5e4][%mdl 32] Black is clearly winning.} 34. Kg1 e4 35. Bc2 e3 36. Kf1 Bf3 37. Bf5 c4 {Precision: White = 24%, Black = 90%.} 0-1

[Event "2018 Spring Chess Classic B"]
[Site "Saint Louis"]
[Date "2018.03.11"]
[Round "6"]
[White "Gorovets, Andrey"]
[Black "Ali Marandi, Cemil Can"]
[Result "1/2-1/2"]
[WhiteElo "2496"]
[BlackElo "2538"]
[Annotator "TA"]
[PlyCount "102"]
[EventDate "2018.??.??"]
[EventType "tourn"]
[EventCountry "USA"]
[SourceTitle "playchess.com"]
[Source "ChessBase"]
[SourceQuality "1"]

{[%evp 20,102,0,0,9,13,5,16,14,10,6,15,14,9,24,12,20,8,19,21,57,62,51,50,53,46,47,43,35,27,98,81,139,140,210,207,238,199,200,177,208,205,234,247,212,219,223,210,211,192,212,129,213,212,211,203,212,170,250,135,160,0,247,248,291,285,278,278,270,270,270,268,299,0,4,8,39,0,0,0,0,0,0,0,0]} 1. d4 d5 2. c4 c6 3. cxd5 cxd5 4. Nc3 Nc6 5. e4 e6 6. exd5 exd5 7. Nf3 Nf6 8. Bb5 Bd6 9. O-O O-O 10. h3 h6 11. Re1 {LiveBook: 7 Games. D32: Tarrasch Defence: Sidelines and lines without g3} Be6 12. Ne5 Qb6 13. Bxc6 bxc6 14. Na4 {[#]} Qb7 $146 ({Predecessor:} 14... Qb5 15. Bf4 Bxe5 16. Bxe5 Nd7 17. b3 Bf5 18. Qd2 Rfe8 {1-0 (58) Peralta,F (2595)-Moskalenko,V (2587) Sabadell 2010}) 15. Bf4 Rfe8 16. Qc2 Rac8 17. Rac1 Qb8 18. Nc5 Bxc5 19. dxc5 Qb7 20. Nf3 Bd7 21. Nd4 Rxe1+ 22. Rxe1 Qb4 23. Rd1 Re8 24. a3 Qb7 (24... Qc4 $11) 25. b4 $16 Re4 (25... a6 $142) 26. Bd6 Qc8 (26... a6 $16 {was necessary.} 27. f3 Re8) 27. f3 $18 Re3 28. Qc1 Re8 29. a4 a6 {[#]} 30. b5 $1 {[%mdl 512]} axb5 31. axb5 cxb5 32. c6 Be6 33. Nxb5 Qa6 34. Qc5 Bc8 35. Rc1 {Threatens to win with Nc7.} Qa2 (35... Re2 $16) 36. Nd4 Qd2 37. Kh2 Nh5 38. Qc3 $36 {[%mdl 2048] Black is under strong pressure.} Qf2 (38... Qg5 $142 39. c7 Nf4) 39. Rc2 ({White should play} 39. c7 $18) 39... Qf1 $16 {[#]} 40. Rc1 (40. Bg3 $1 $16) 40... Qf2 $18 41. c7 g5 42. Qc6 Nf6 {[#]} 43. Be5 $1 {[%mdl 512]} Ng4+ ({Not} 43... Rxe5 $2 44. Qxf6 Qd2 45. Rb1 $18) 44. fxg4 Rxe5 45. Nf5 $1 h5 {[#] next ...Re2 is good for Black.} 46. Qc5 $2 (46. Ng3 $1 $18) 46... Qf4+ $11 47. Kg1 d4 {[%cal Bd5d4,Bd4d3][%mdl 32]} 48. Qc4 d3 $1 {The position is equal.} 49. Qxf4 gxf4 50. Rd1 Bxf5 51. gxf5 Rc5 {Precision: White = 67%, Black = 63%.} 1/2-1/2

[Event "2018 Spring Chess Classic B"]
[Site "Saint Louis"]
[Date "2018.03.11"]
[Round "6"]
[White "Chandra, Akshat"]
[Black "Shtembuliak, Evgeny"]
[Result "0-1"]
[WhiteElo "2490"]
[BlackElo "2507"]
[Annotator "TA"]
[PlyCount "62"]
[EventDate "2018.??.??"]
[EventType "tourn"]
[EventCountry "USA"]
[SourceTitle "playchess.com"]
[Source "ChessBase"]
[SourceQuality "1"]

{[%evp 19,62,32,22,31,10,14,28,15,16,9,11,0,0,0,0,0,0,0,0,0,0,0,0,0,0,-18,0,0,0,0,0,-62,-75,-221,-214,-198,-200,-347,-337,-350,-341,-726,-714,-693,-562]} 1. e4 e6 2. d4 d5 3. Nd2 c5 4. Ngf3 Nc6 5. exd5 exd5 6. Bb5 Qe7+ 7. Be2 Nf6 {C09: French Tarrasch: 3...c5 4 exd5 exd5 5 Ngf3 Nc6} 8. dxc5 Qxc5 9. O-O Be7 10. Nb3 Qd6 {LiveBook: 4 Games} 11. Bg5 O-O 12. Re1 Bf5 $146 ({Predecessor:} 12... h6 13. Bh4 Re8 14. Nfd4 Ne4 15. Bxe7 Rxe7 16. Bd3 Nxd4 17. Nxd4 Qf6 18. Bxe4 dxe4 {½-½ (18) Rodshtein,M (2671)-Zvjaginsev,V (2659) St Petersburg 2014}) 13. c3 Rfe8 14. Nfd4 Bg6 15. Bh4 Ne4 16. Bxe7 Rxe7 17. f3 Nf6 18. Bf1 Ne5 19. Nb5 Qd7 20. N3d4 a6 21. Na3 Rae8 22. Qd2 h5 23. Red1 Qc7 24. Qf2 Nfd7 {[%cal Bf6d7,Bd7c5,Bc5d3,Bd3b2][%mdl 32]} 25. h3 ({White should play} 25. Ndc2 $11) 25... Nc5 $1 $15 26. Rd2 {[#]} (26. Qd2 $17) 26... Ncd3 $1 $19 {[%cal Rd3f2]} 27. Qg3 {[#]} Nxb2 $1 {[%mdl 512]} 28. f4 {[#]} (28. Rxb2 {was worth a try.} Qxc3 29. Qf2 Qxa3 30. Rb3) 28... Ned3 $1 {[%mdl 512]} 29. Bxd3 (29. Rxd3 Nxd3) 29... Qxc3 ({Resist} 29... Nxd3 30. Nac2 $19) ({Not} 29... Bxd3 30. Rxb2 Qxc3 31. Nac2 $17) 30. f5 $2 (30. Nb3 Re3 31. Qh4 Nxd3 32. Nc2) 30... Qxd2 31. fxg6 Qxd3 {Precision: White = 51%, Black = 82%.} 0-1

[Event "2018 Spring Chess Classic B"]
[Site "Saint Louis"]
[Date "2018.03.11"]
[Round "6"]
[White "Grabinsky, Aaron"]
[Black "Khachiyan, Melikset"]
[Result "0-1"]
[WhiteElo "2375"]
[BlackElo "2525"]
[Annotator "TA"]
[PlyCount "78"]
[EventDate "2018.??.??"]
[EventType "tourn"]
[EventCountry "USA"]
[SourceTitle "playchess.com"]
[Source "ChessBase"]
[SourceQuality "1"]

{[%evp 23,78,18,6,6,0,3,30,-13,0,-9,0,-37,-37,-35,-35,-35,-31,-33,-33,-33,-33,-33,-33,-35,-35,-97,-97,-345,-345,-345,-141,-141,-141,-141,-141,-139,-130,-134,-132,-175,-152,-185,-178,-185,-180,-178,-177,-174,-172,-182,-178,-188,-187,-196,-189,-303,-304]} 1. Nf3 Nf6 2. g3 d5 3. Bg2 g6 4. O-O Bg7 5. c4 O-O 6. cxd5 Nxd5 7. d4 {[%cal Bd2d4,Bd4d5][%mdl 32]} Nc6 {[%cal Bb8c6,Bc6a5,Ba5c4][%mdl 32]} 8. e4 Nb6 9. d5 Na5 10. Nc3 c6 11. Nd4 e6 12. Nb3 {D76: Fianchetto Grünfeld: Main Line with 7...Nb6} Nac4 {LiveBook: 4 Games} 13. dxc6 bxc6 14. Qc2 {The position is equal.} Qe7 (14... a5 15. a4 Qe7 16. Nd2 Ba6 17. Nxc4 Nxc4 18. b3 Qf6 19. bxc4 Qxc3 20. Qxc3 Bxc3 {0-1 (40) Wohl,A (2441)-Ni,H (2667) Olongapo City 2010}) 15. Nd2 $146 ({Predecessor:} 15. Rd1 e5 16. Nd2 Nd6 17. a4 Bg4 18. Re1 Rab8 19. b3 Rfd8 {1-0 (86) Koop,T (2423)-Tuncer,U (2308) Austria 2017}) 15... Rb8 16. Nxc4 Nxc4 17. b3 Qb4 18. Bf4 Na3 19. Qd3 Bxc3 20. Bxb8 {[#] And now Bd6 would win.} Bxa1 21. Bd6 Rd8 22. Bxb4 Rxd3 23. Bxa3 Bd4 24. Bb4 ({Better is} 24. Bc1 $1 $15) 24... c5 $17 25. Bxc5 $2 {[#]} (25. Ba5 $17 {keeps fighting.}) 25... Bxc5 $19 26. Rc1 {Threatening Bf1.} Ba6 (26... Rd8 $19 {has better winning chances. Threatens to win with ...Ba3.} 27. Rxc5 Rd1+ 28. Bf1 Ba6) 27. Bf1 $17 Rd2 28. Bxa6 Bxf2+ {[%mdl 4096] Endgame KRB-KRB} 29. Kf1 Rxa2 {Hoping for ...Bxg3.} 30. Be2 Bb6 31. b4 Rb2 32. b5 Kg7 33. Rc3 Rb4 34. Bd3 Kf6 35. Ke2 Ke5 36. Rc2 Ra4 37. h4 Ra1 38. Rc8 h5 39. Rf8 (39. Rc2 $142) 39... Ra2+ {Precision: White = 35%, Black = 66%.} 0-1